Statistics for Buck Tick Albums

Click here to take the quiz!

General Stats

  • This quiz has been taken 26 times
  • The average score is 14 of 21

Answer Stats

YearAlbum Name% Correct
1993Darker Than Darkness -Style 93-
94%
1990惡の華 Aku no Hana
88%
1987SEXUAL XXXXX!
82%
1989Taboo
82%
1996Cosmos
76%
1987Hurry Up Mode
76%
2003Mona Lisa Overdrive
76%
1997Sexy Stream Liner
76%
1995Six/Nine
76%
2018No. 0
71%
2000One Life, One Death
71%
2010RAZZLE DAZZLE
71%
2009Memento Mori
65%
2016アトム未来派No.9 Atom Miraiha No.9
65%
2014或いはアナーキー Arui wa ANARCHY
59%
1991狂った太陽 Kurutta Taiyo
59%
1988Seventh Heaven
59%
2007天使のリボルバー Tenshi no Revolver
59%
2005十三階は月光 13kai wa Gekkou
53%
2012夢見る宇宙 Yumemiru Uchuu
47%
2002極東I LOVE YOU Kyokutou I LOVE YOU
35%

Score Distribution

Percentile by Number Answered

Percent of People with Each Score

Your Score History

You have not taken this quiz